| Tag |
First Indicator |
Second Indicator |
Subfields |
| LEADER |
00000cam a2200000Ia 4500 |
| 001 |
in00002266421 |
| 005 |
20190326185455.0 |
| 006 |
m | d | |
| 007 |
cr |n||||||||n |
| 008 |
871117s1820 pau s 000 0 eng d |
| 040 |
|
|
|a TXA
|c GKR
|d OCL
|d Thomson Gale
|d UtOrBLW
|
| 043 |
|
|
|a n-us---
|
| 100 |
1 |
|
|a Carey, Mathew,
|d 1760-1839.
|
| 245 |
1 |
0 |
|a Three letters on the present calamitous state of affairs :
|b addressed to J.M. Garnett, Esq., president of the Fredericsburg Agricultural Society /
|c by M. Carey.
|
| 264 |
|
1 |
|a Philadelphia :
|b M. Carey & Son,
|c 1820.
|
| 300 |
|
|
|a liv, 60, that is, 48 pages ;
|c 23 cm.
|
| 336 |
|
|
|a text
|b txt
|2 rdacontent
|
| 337 |
|
|
|a computer
|b c
|2 rdamedia
|
| 338 |
|
|
|a online resource
|b cr
|2 rdacarrier
|
| 500 |
|
|
|a Reproduction of original from Widener Library, Harvard University.
|
| 500 |
|
|
|a Goldsmiths'-Kress number 22813.1.
|
| 510 |
4 |
|
|a OCLC,
|c 16992164
|
| 533 |
|
|
|a Electronic reproduction.
|b Farmington Hills, Mich. :
|c Thomson Gale,
|d 2005.
|f (The making of the modern world).
|n Available via the World Wide Web.
|n Access limited to licensing agreements.
|7 s2005 miunns
|
| 500 |
|
|
|a Electronic resource.
|
| 650 |
|
0 |
|a Tariff
|z United States.
|
| 650 |
|
0 |
|a Protectionism.
|
| 655 |
|
0 |
|a Electronic books.
|
| 700 |
1 |
|
|a Garnett, James M.
|q (James Mercer),
|d 1770-1843.
|
| 710 |
2 |
|
|a Virginia Agricultural Society of Fredericksburg.
|
| 830 |
|
0 |
|a Making of the modern world (Goldsmiths'-Kress Library of Economic Literature)
|
| 856 |
4 |
0 |
|u http://proxy.library.tamu.edu/login?url=http://galenet.galegroup.com/servlet/MOME?af=RN&ae=U104365802&srchtp=a&ste=14&locID=txshracd2898
|z Connect to the full text of this electronic book
|t 0
|
| 999 |
|
|
|a MARS
|
| 999 |
f |
f |
|s 5198fa77-82ef-39da-b7d1-20c02375e53b
|i 03c83869-5206-33b6-9429-a89328cacceb
|t 0
|
| 952 |
f |
f |
|a Texas A&M University
|b College Station
|c Electronic Resources
|d Available Online
|t 0
|h No information provided
|
| 998 |
f |
f |
|t 0
|l Available Online
|